| 000 | 00375 a2200169 4500 | ||
|---|---|---|---|
| 001 | 60252 | ||
| 020 | _a9788537706503 | ||
| 040 | _cAnchieta - Pituba | ||
| 100 | _aGiovanni, José Ruy | ||
| 240 | 1 | 0 |
_aA conquista da matemática _lpor |
| 245 | 1 | 0 | _aA conquista da matemática |
| 300 | _a376 | ||
| 362 | 0 | _a2008 | |
| 440 | 1 | _aEscala | |
| 650 | 4 | _aMatemática | |
| 942 | _cBK | ||
| 999 |
_c60252 _d60252 |
||